Giovanni Episcopo

Tallennettuna:
Bibliografiset tiedot
Päätekijä: Gabriele D'annunzio
Aineistotyyppi: Kirja
Kieli:määrittelemätön
Julkaistu: Centoautori
Tagit: Lisää tagi
Ei tageja, Lisää ensimmäinen tagi!

MARC

LEADER 00000nam a2200000Ia 4500
001 R-1467
003 CODICE-MESSINA
005 20260212102508.0
008 260211s9999 xx 000 0 und d
040 |c importazione_messina 
100 |a Gabriele D'annunzio 
245 0 |a Giovanni Episcopo 
260 |b Centoautori 
942 |2 ddc  |c BK 
952 |0 0  |1 0  |2 ddc  |4 0  |6 SCAFFALE_14_000000000000000__LETTERATURA  |7 0  |9 32304  |a ME  |b ME  |d 2026-02-11  |l 0  |o SCAFFALE 14 - LETTERATURA  |p R-1467  |r 2026-02-11 23:53:06  |w 2026-02-11  |x [REVISIONARE]  |y BK 
999 |c 27971  |d 27971